Types of Wood in Minecraft - Statistics

General Stats
  • This quiz has been taken 2,111 times
  • The average score is 5 of 6
Answer Stats
Answer % Correct
Oak
99%
Birch
95%
Dark Oak
91%
Spruce
86%
Jungle
81%
Acacia
79%
No matching quizzes found
Score Distribution
Percent of People with Each Score
Percentile by Number Answered
Your Score History
You have not taken this quiz